100 Best Songs of the 2010s - Statistics

General Stats
  • This quiz has been taken 3,944 times
    3,140 since last reset
  • The average score is 37 of 100
Answer Stats
# Song Artist % Correct
3 Rolling in the Deep Adele
97%
64 Someone Like You Adele
97%
7 Thank U, Next Arianna Grande
90%
30 We Found Love Rihanna
90%
60 Diamonds Rihanna
89%
5 All Too Well Taylor Swift
88%
58 New Romantics Taylor Swift
88%
73 Blank Space Taylor Swift
88%
12 Old Town Road Lil Nas X
86%
10 Hotline Bling Drake
85%
33 Hold On, We're Going Home Drake
85%
54 Nice for What Drake
85%
34 Bad Guy Billie Eilish
84%
29 Sorry Justin Bieber
82%
27 Chandelier Sia
82%
14 Shallow Lady Gaga and Bradley Cooper
80%
46 N****s in Paris Jay Z and Kanye West
79%
59 Edge of Glory Lady Gaga
79%
40 Teenage Dream Katy Perry
77%
11 Royals Lorde
76%
82 Green Light Lorde
76%
43 Call Me Maybe Carly Rae Jepsen
74%
6 Runaway Kanye West
72%
65 Bound 2 Kanye West
72%
70 Ultralight Beam Kanye West
72%
75 Blood on the Leaves Kanye West
72%
4 Formation Beyoncé
70%
22 Drunk in Love Beyoncé
70%
57 Story of My Life One Direction
69%
36 Sicko Mode Travis Scott
65%
9 I Like It Cardi B
64%
32 Bodack Yellow Cardi B
64%
31 Sign of the Times Harry Styles
61%
23 Despacito Luis Fonsi
61%
17 Get Lucky Daft Punk
60%
66 Uptown Funk Mark Ronson
60%
97 Mirrors Justin Timberlake
52%
62 We Can't Stop Miley Cyrus
50%
24 Truth Hurts Lizzo
48%
15 Mi Gente J Balvin and Willy William
45%
86 Work From Home Fifth Harmony
41%
26 Mask Off Future
40%
18 Bad and Boujee Migos
37%
74 XO Tour Llif3 Lil Uzi Vert
35%
2 Alright Kendrick Lamar
33%
51 Habits (Stay High) Tove Lo
33%
44 Beez in the Trap Nicki Minaj
32%
61 Never Be the Same Camila Cabello
27%
81 Jealous Nick Jonas
27%
39 Bad Liar Selena Gomez
27%
72 Te Boté Casper, Nio García, Darell, Nicky Jam, Bad Bunny, Ozuna
24%
100 Every Teardrop Is a Waterfall Coldplay
22%
50 Turn Down for What DJ Snake
22%
41 Novacaine Frank Ocean
22%
79 Nights Frank Ocean
22%
1 Dancing on My Own Robyn
22%
42 High for This The Weeknd
21%
71 Boys Charli XCX
18%
67 I Love It Icona Pop
17%
45 Mariners Apartment Complex Lana Del Rey
15%
88 Latch Disclosure
14%
63 Cruise (Remix) Florida Georgia Line
14%
77 Let It Happen Tame Impala
14%
47 212 Azealia Banks
11%
89 Bad Girls M.I.A.
11%
90 Here Alessia Cara
9%
95 How I Roll Britney Spears
8%
98 Love It If We Made It The 1975
8%
21 Springsteen Eric Church
7%
20 Oblivion Grimes
7%
8 Follow Your Arrow Kacey Musgraves
7%
48 Girl Crush Little Big Town
7%
25 Adorn Miguel
7%
13 Your Best American Girl Mitski
7%
99 Exchange Bryson Tiller
6%
92 Powerglide Rae Sremmurd
6%
55 The Wire Haim
5%
35 Night Shift Lucy Dacus
5%
37 My Church Maren Morris
5%
49 Every Breaking Wave U2
5%
28 Archie, Marry Me Alvvays
4%
69 Drunk Drivers/Killer Whales Car Seat Headrest
4%
85 Two Weeks FKA Twigs
3%
80 Shut Up Kiss Me Angel Olsen
2%
84 Soy Yo Bomba Estereo
2%
53 Avant Gardener Courtney Barnett
2%
56 I Can't Give Everything Away David Bowie
2%
96 Emmylou First Aid Kit
2%
94 Seasons (Waiting on You) Future Islands
2%
83 Everything is Embarrasing Sky Ferreira
2%
52 Everlasting Light The Black Keys
2%
93 Palace A$AP Rocky
1%
19 Hold On Alabama Shakes
1%
38 God in Chicago Craig Finn
1%
68 Good Intentions Paving Company Joanna Newsom
1%
16 Stoned and Starving Parquet Courts
1%
87 Rill RIll Sleigh Bells
1%
78 Pristine Snail Mail
1%
76 Me & Magdalena The Monkees
1%
91 Say My Name Tove Styrke
0%
No matching quizzes found
Score Distribution
Percent of People with Each Score
Percentile by Number Answered
Your Score History
You have not taken this quiz since the last reset